Regions of the Philippines - Statistics

General Stats
  • This quiz has been taken 650 times
  • The average score is 10 of 17
Answer Stats
Hint Answer % Correct
(NCR) National Capital Region
93%
Region IV A CALABARZON
77%
Region IV B MIMAROPA
77%
Region I Ilocos Region
70%
(CAR) Cordillera Administrative Region
68%
Region V Bicol Region
66%
RegionIII Central Luzon
63%
Region VI Western Visayas
61%
Region VII Central Visayas
60%
Region VIII Eastern Visayas
59%
Region II Cagayan Valley
52%
Region XI Davao Region
48%
Region X Northern Mindanao
41%
(ARMM) Autonomous Region in Muslim Mindanao
37%
Region IX Zamboanga Peninsula
35%
Region XIII Caraga Region
31%
Region XII SOCCSKSARGEN
23%
No matching quizzes found
Score Distribution
Percent of People with Each Score
Percentile by Number Answered
Your Score History
You have not taken this quiz